Los nuevos desafios de la formacion (Registro nro. 184224)

Detalles MARC
001 - NÚMERO DE CONTROL
campo de control 607943
005 - FECHA Y HORA DE LA ÚLTIMA TRANSACCIÓN
campo de control 20251002100349.0
008 - DATOS DE LONGITUD FIJA--INFORMACIÓN GENERAL
campo de control de longitud fija 000713s1999 spa
035 ## - NÚMERO DE CONTROL DEL SISTEMA
Número de control de sistema 607943
035 ## - NÚMERO DE CONTROL DEL SISTEMA
Número de control de sistema (OCoLC)819837573
040 ## - FUENTE DE LA CATALOGACIÓN
Centro/agencia transcriptor comduadb
041 ## - CÓDIGO DE LENGUA
Código de lengua del texto/banda sonora o título independiente spa
100 10 - ENTRADA PRINCIPAL--NOMBRE DE PERSONA
Nombre de persona Burbano, Pedro Pablo
Código de función aut
Término indicativo de función/relación Autor/a
9 (RLIN) 308975
245 12 - MENCIÓN DE TÍTULO
Título Los nuevos desafios de la formacion
650 #7 - PUNTO DE ACCESO ADICIONAL DE MATERIA--TÉRMINO DE MATERIA
Término de materia o nombre geográfico como elemento de entrada Formación profesional
Subdivisión geográfica Colombia
Fuente del encabezamiento o término lemb
9 (RLIN) 2862
650 #7 - PUNTO DE ACCESO ADICIONAL DE MATERIA--TÉRMINO DE MATERIA
Término de materia o nombre geográfico como elemento de entrada Calidad de vida
Fuente del encabezamiento o término lemb
9 (RLIN) 2743
650 #7 - PUNTO DE ACCESO ADICIONAL DE MATERIA--TÉRMINO DE MATERIA
Término de materia o nombre geográfico como elemento de entrada Calidad de vida laboral
Fuente del encabezamiento o término unescot
9 (RLIN) 22388
650 ## - PUNTO DE ACCESO ADICIONAL DE MATERIA--TÉRMINO DE MATERIA
Término de materia o nombre geográfico como elemento de entrada Empleo y desempleo - Colombia
9 (RLIN) 1963
650 #7 - PUNTO DE ACCESO ADICIONAL DE MATERIA--TÉRMINO DE MATERIA
Término de materia o nombre geográfico como elemento de entrada Innovaciones educativas
Fuente del encabezamiento o término lemb
9 (RLIN) 39728
650 #7 - PUNTO DE ACCESO ADICIONAL DE MATERIA--TÉRMINO DE MATERIA
Término de materia o nombre geográfico como elemento de entrada Capacitación de empleados
Fuente del encabezamiento o término lemb
9 (RLIN) 217049
773 0# - ENLACE AL DOCUMENTO FUENTE/ENTRADA DE REGISTRO ANFITRIÓN
Título Colombia : Ciencia y Tecnología (Bogotá)
Parte(s) relacionada(s) Vol. 17, No. 02, Abr.-May. 1999, p. 26-31
Número de control del registro 99835
Número Internacional Normalizado para Publicaciones Seriadas 0120-5595
Número bibliográfico anfitrión 92033
942 ## - ELEMENTOS DE ENTRADA AGREGADA (KOHA)
Tipo de ítem Koha Artículo de Revista

No hay ítems disponibles.